Random questions - Statistics

General Stats
  • This quiz has been taken 19 times
  • The average score is 9 of 15
Answer Stats
Question Answer % Correct
What country became independent in 2011 South Sudan
86%
Which country was formerly known as Qing Dynasty China
79%
Which Iraq leader was sentenced to death Saddam Hussein
79%
where was Hitler Born Austria
71%
in which continent are the country federal states of micronesia located Oceania
71%
Who owned Corsica in the past Italy
64%
Which country is richer (gdp per capital nominal) Monaco
64%
What's the only country in the world that still adapts the absolute monarchy Saudi Arabia
64%
What's the longest river in Ireland Shannon
64%
Which BIG African country drives on the left side of the road South Africa
64%
Which BIG USA states was owned by Mexico in the past Texas
57%
What does "NATO" stands for North Atlantic Treaty organization
36%
What's the country with the most islands Sweden
36%
Which country has more inhabitants Nepal
21%
How many countries border France 11
7%
No matching quizzes found
Score Distribution
Percent of People with Each Score
Percentile by Number Answered
Your Score History
You have not taken this quiz